[Event "European Online Club-ch-E 2021"]
[Site "Online"]
[Date "2021.03.27"]
[Round "8.10"]
[White "Angun, Batu"]
[Black "Moussard, Jules"]
[Result "0-1"]
[WhiteElo "2326"]
[BlackElo "2635"]
[Annotator "ChessBase"]
[PlyCount "92"]
[EventDate "2021.03.27"]
[EventType "team-tourn"]
[EventCountry "NET"]
[SourceTitle "playchess.com"]
[Source "ChessBase"]
[SourceQuality "1"]
[TimeControl "900+5"]

1. d4 {[%emt 0:00:00]} Nf6 {[%emt 0:00:03]} 2. c4 {[%emt 0:00:03]} g6 {[%emt 0:00:05]} 3. Nc3 {[%emt 0:00:02]} d5 {[%emt 0:00:01]} 4. cxd5 {[%emt 0:00:05]} Nxd5 {[%emt 0:00:01]} 5. e4 {[%emt 0:00:02]} Nxc3 {[%emt 0:00:01]} 6. bxc3 {[%emt 0:00:02]} Bg7 {[%emt 0:00:00]} 7. Nf3 {[%emt 0:00:03]} c5 {[%emt 0:00:02]} 8. Be3 {[%emt 0:00:05]} Qa5 {[%emt 0:00:11]} 9. Nd2 {[%emt 0:00:03]} cxd4 {[%emt 0:00:49]} 10. Nc4 {[%emt 0:00:06]} Qd8 {[%emt 0:00:01]} 11. cxd4 {[%emt 0:00:05]} O-O {[%emt 0:00:02]} 12. Be2 {[%emt 0:00:14]} b5 {[%emt 0:00:06]} 13. Ne5 {[%emt 0:01:17]} Bb7 {[%emt 0:00:07]} 14. O-O {[%emt 0:01:49]} Bxe4 {[%emt 0:03:32]} 15. Bxb5 {[%emt 0:00:37]} a6 {[%emt 0:00:31]} 16. Be2 {[%emt 0:00:52]} Nc6 {[%emt 0:00:16]} 17. Nxc6 {[%emt 0:00:18]} Bxc6 {[%emt 0:00:03]} 18. Bf3 {[%emt 0:00:29]} Bd5 {[%emt 0:00:08]} 19. Rc1 {[%emt 0:00:27]} Rb8 {[%emt 0:00:04]} 20. Bxd5 {[%emt 0:00:21]} Qxd5 {[%emt 0:00:02]} 21. Qa4 {[%emt 0:00:03]} Qb5 {[%emt 0:00:19]} 22. Qc4 {[%emt 0:01:05]} Rfd8 {[%emt 0:01:07]} 23. h3 {[%emt 0:01:06]} Bf6 {[%emt 0:00:27]} 24. Rc2 {[%emt 0:01:19]} Kg7 {[%emt 0:00:07]} 25. Rfc1 {[%emt 0:00:07]} Qb7 {[%emt 0:00:53]} 26. Qa4 {[%emt 0:00:52]} Rd6 {[%emt 0:01:24]} 27. Rc7 {[%emt 0:01:25]} Qb5 {[%emt 0:00:20]} 28. Qc4 {[%emt 0:00:55]} h5 {[%emt 0:02:42]} 29. Rc6 {[%emt 0:00:59]} Qa5 {[%emt 0:00:19]} 30. Rxd6 {[%emt 0:00:12]} exd6 {[%emt 0:00:02]} 31. Qc6 {[%emt 0:01:15]} Qa3 {[%emt 0:01:32]} 32. Qd5 {[%emt 0:00:46]} Rb5 {[%emt 0:00:56]} 33. Qc6 {[%emt 0:00:17]} g5 {[%emt 0:01:03]} 34. Qf3 {[%emt 0:00:20]} Qxa2 {[%emt 0:00:11]} 35. Qxh5 {[%emt 0:00:03]} Qe6 {[%emt 0:00:02]} 36. Qg4 {[%emt 0:00:05]} a5 {[%emt 0:00:25]} 37. Qxe6 {[%emt 0:00:03]} fxe6 {[%emt 0:00:00]} 38. Rc6 {[%emt 0:00:02]} Rd5 {[%emt 0:00:01]} 39. Ra6 {[%emt 0:00:03]} Kg6 {[%emt 0:00:05]} 40. g3 {[%emt 0:00:02]} Kf5 {[%emt 0:00:02]} 41. Kg2 {[%emt 0:00:02]} Ke4 {[%emt 0:00:02]} 42. Ra8 {[%emt 0:00:01]} Bxd4 {[%emt 0:00:02]} 43. Bd2 {[%emt 0:00:04]} Bb6 {[%emt 0:00:04]} 44. Bc1 {[%emt 0:00:04]} Rf5 {[%emt 0:00:12]} 45. f4 {[%emt 0:00:13]} gxf4 {[%emt 0:00:02]} 46. gxf4 {[%emt 0:00:04]} Rc5 {[%emt 0:00:01]} 0-1

[Event "European Online Club-ch-E 2021"]
[Site "Online"]
[Date "2021.03.27"]
[Round "8.11"]
[White "Gozzoli, Yannick"]
[Black "Ozenir, Ekin Baris"]
[Result "1/2-1/2"]
[WhiteElo "2600"]
[BlackElo "2309"]
[Annotator "ChessBase"]
[PlyCount "60"]
[EventDate "2021.03.27"]
[EventType "team-tourn"]
[EventCountry "NET"]
[SourceTitle "playchess.com"]
[Source "ChessBase"]
[SourceQuality "1"]
[TimeControl "900+5"]

1. d4 {[%emt 0:00:00]} Nf6 {[%emt 0:00:03]} 2. c4 {[%emt 0:00:04]} e6 {[%emt 0:00:02]} 3. Nf3 {[%emt 0:00:01]} b6 {[%emt 0:00:03]} 4. g3 {[%emt 0:00:04]} Bb7 {[%emt 0:00:02]} 5. Bg2 {[%emt 0:00:02]} Be7 {[%emt 0:00:21]} 6. O-O {[%emt 0:00:08]} O-O {[%emt 0:00:02]} 7. Re1 {[%emt 0:00:17]} Na6 {[%emt 0:00:36]} 8. Bf4 {[%emt 0:00:26]} d5 {[%emt 0:01:07]} 9. cxd5 {[%emt 0:02:56]} Nxd5 {[%emt 0:01:23]} 10. Nc3 {[%emt 0:00:02]} Nxf4 {[%emt 0:00:36]} 11. gxf4 {[%emt 0:00:00]} c5 {[%emt 0:00:05]} 12. dxc5 {[%emt 0:01:24]} Nxc5 {[%emt 0:00:49]} 13. Ne5 {[%emt 0:02:03]} Qc8 {[%emt 0:01:15]} 14. Rc1 {[%emt 0:00:47]} Bxg2 {[%emt 0:00:58]} 15. Kxg2 {[%emt 0:00:00]} Rd8 {[%emt 0:00:17]} 16. Qc2 {[%emt 0:00:04]} Qb7+ {[%emt 0:00:08]} 17. Kg1 {[%emt 0:00:43]} Rac8 {[%emt 0:00:47]} 18. Red1 {[%emt 0:00:18]} g6 {[%emt 0:02:24]} 19. Rxd8+ {[%emt 0:00:26]} Rxd8 {[%emt 0:00:41]} 20. Rd1 {[%emt 0:02:21]} Rxd1+ {[%emt 0:00:32]} 21. Qxd1 {[%emt 0:00:00]} Ne4 {[%emt 0:02:02]} 22. Qa4 {[%emt 0:01:21]} Nxc3 {[%emt 0:00:41]} 23. Qe8+ {[%emt 0:00:03]} Bf8 {[%emt 0:00:02]} 24. bxc3 {[%emt 0:00:01]} Kg7 {[%emt 0:00:55]} 25. Qc6 {[%emt 0:00:17]} Qxc6 {[%emt 0:00:31]} 26. Nxc6 {[%emt 0:00:00]} a5 {[%emt 0:00:01]} 27. c4 {[%emt 0:00:07]} Bd6 {[%emt 0:00:08]} 28. e3 {[%emt 0:00:04]} Kf6 {[%emt 0:00:03]} 29. Kg2 {[%emt 0:00:03]} e5 {[%emt 0:00:22]} 30. fxe5+ {[%emt 0:00:31]} Bxe5 {[%emt 0:00:01]} 1/2-1/2

[Event "European Online Club-ch-E 2021"]
[Site "Online"]
[Date "2021.03.27"]
[Round "8.12"]
[White "Tarlabasi, Emirhan"]
[Black "Cornette, Matthieu"]
[Result "0-1"]
[WhiteElo "2301"]
[BlackElo "2555"]
[Annotator "ChessBase"]
[PlyCount "70"]
[EventDate "2021.03.27"]
[EventType "team-tourn"]
[EventCountry "NET"]
[SourceTitle "playchess.com"]
[Source "ChessBase"]
[SourceQuality "1"]
[TimeControl "900+5"]

1. d4 {[%emt 0:00:00]} d6 {[%emt 0:00:02]} 2. Nf3 {[%emt 0:00:12]} Nf6 {[%emt 0:00:09]} 3. c4 {[%emt 0:00:02]} Nbd7 {[%emt 0:00:03]} 4. e3 {[%emt 0:00:04]} e5 {[%emt 0:00:22]} 5. Be2 {[%emt 0:00:07]} c6 {[%emt 0:00:05]} 6. Nc3 {[%emt 0:00:05]} Be7 {[%emt 0:00:52]} 7. O-O {[%emt 0:00:09]} O-O {[%emt 0:00:02]} 8. Qc2 {[%emt 0:00:14]} Re8 {[%emt 0:00:06]} 9. b3 {[%emt 0:00:27]} Qc7 {[%emt 0:00:33]} 10. Bb2 {[%emt 0:00:16]} b6 {[%emt 0:00:19]} 11. Rfd1 {[%emt 0:00:28]} Nf8 {[%emt 0:00:14]} 12. a4 {[%emt 0:01:06]} Ng6 {[%emt 0:01:08]} 13. a5 {[%emt 0:00:47]} bxa5 {[%emt 0:00:39]} 14. d5 {[%emt 0:01:06]} Bb7 {[%emt 0:01:21]} 15. Qd2 {[%emt 0:01:27]} Reb8 {[%emt 0:00:42]} 16. Ra3 {[%emt 0:01:34]} cxd5 {[%emt 0:00:10]} 17. cxd5 {[%emt 0:00:33]} Bd8 {[%emt 0:00:15]} 18. Bc4 {[%emt 0:01:33]} Bc8 {[%emt 0:00:32]} 19. Ne1 {[%emt 0:00:51]} Qe7 {[%emt 0:00:49]} 20. Ra2 {[%emt 0:01:31]} Nd7 {[%emt 0:01:50]} 21. Ba3 {[%emt 0:02:13]} Bb6 {[%emt 0:00:07]} 22. Ne4 {[%emt 0:01:15]} Bc7 {[%emt 0:00:02]} 23. Rc1 {[%emt 0:00:31]} f5 {[%emt 0:00:23]} 24. Ng3 {[%emt 0:00:08]} Nh4 {[%emt 0:00:34]} 25. Bd3 {[%emt 0:00:06]} Nf6 {[%emt 0:01:34]} 26. Rac2 {[%emt 0:00:02]} Bb6 {[%emt 0:00:18]} 27. Rc6 {[%emt 0:00:03]} Ne8 {[%emt 0:00:09]} 28. Qc2 {[%emt 0:00:03]} e4 {[%emt 0:00:26]} 29. Rxc8 {[%emt 0:00:12]} Rxc8 {[%emt 0:00:05]} 30. Qxc8 {[%emt 0:00:02]} Rxc8 {[%emt 0:00:04]} 31. Rxc8 {[%emt 0:00:01]} exd3 {[%emt 0:00:02]} 32. Nxd3 {[%emt 0:00:01]} Kf7 {[%emt 0:00:20]} 33. Kf1 {[%emt 0:00:13]} Qb7 {[%emt 0:00:11]} 34. Rc6 {[%emt 0:00:04]} Qa6 {[%emt 0:00:09]} 35. Rc4 {[%emt 0:00:02]} Qb5 {[%emt 0:00:10]} 0-1

[Event "European Online Club-ch-E 2021"]
[Site "Online"]
[Date "2021.03.27"]
[Round "8.13"]
[White "Mikhalevski, Victor"]
[Black "Sirosh, Ilja"]
[Result "1-0"]
[WhiteElo "2552"]
[BlackElo "2400"]
[Annotator "ChessBase"]
[PlyCount "99"]
[EventDate "2021.03.27"]
[EventType "team-tourn"]
[EventCountry "NET"]
[SourceTitle "playchess.com"]
[Source "ChessBase"]
[SourceQuality "1"]
[TimeControl "900+5"]

1. c4 {[%emt 0:00:00]} e6 {[%emt 0:00:02]} 2. Nf3 {[%emt 0:00:04]} d5 {[%emt 0:00:02]} 3. g3 {[%emt 0:00:02]} c5 {[%emt 0:00:02]} 4. Bg2 {[%emt 0:00:03]} Nc6 {[%emt 0:00:11]} 5. O-O {[%emt 0:00:11]} d4 {[%emt 0:00:25]} 6. e3 {[%emt 0:00:04]} Nf6 {[%emt 0:00:19]} 7. d3 {[%emt 0:00:11]} e5 {[%emt 0:01:07]} 8. exd4 {[%emt 0:00:05]} exd4 {[%emt 0:00:02]} 9. Re1+ {[%emt 0:00:03]} Be7 {[%emt 0:00:02]} 10. Bf4 {[%emt 0:00:17]} O-O {[%emt 0:00:09]} 11. Ne5 {[%emt 0:00:02]} Nxe5 {[%emt 0:00:13]} 12. Bxe5 {[%emt 0:00:02]} Nd7 {[%emt 0:03:25]} 13. Bc7 {[%emt 0:00:18]} Qxc7 {[%emt 0:00:09]} 14. Rxe7 {[%emt 0:00:02]} Qb6 {[%emt 0:00:34]} 15. Nd2 {[%emt 0:01:32]} Nf6 {[%emt 0:00:29]} 16. Ne4 {[%emt 0:00:37]} Nxe4 {[%emt 0:01:25]} 17. Bxe4 {[%emt 0:00:03]} Qxb2 {[%emt 0:01:05]} 18. a4 {[%emt 0:01:01]} Bg4 {[%emt 0:01:28]} 19. Qe1 {[%emt 0:00:40]} Rae8 {[%emt 0:00:44]} 20. Rxb7 {[%emt 0:03:04]} Qxb7 {[%emt 0:00:16]} 21. Bxb7 {[%emt 0:00:02]} Rxe1+ {[%emt 0:00:00]} 22. Rxe1 {[%emt 0:00:03]} Bf5 {[%emt 0:02:06]} 23. Be4 {[%emt 0:01:20]} Bd7 {[%emt 0:00:47]} 24. Rb1 {[%emt 0:00:08]} Bxa4 {[%emt 0:00:05]} 25. Ra1 {[%emt 0:00:03]} Bd7 {[%emt 0:00:51]} 26. Kg2 {[%emt 0:00:17]} g5 {[%emt 0:00:51]} 27. Rxa7 {[%emt 0:00:08]} Be6 {[%emt 0:00:02]} 28. f4 {[%emt 0:00:26]} gxf4 {[%emt 0:00:13]} 29. gxf4 {[%emt 0:00:03]} f5 {[%emt 0:00:05]} 30. Bc6 {[%emt 0:00:06]} Rc8 {[%emt 0:00:14]} 31. Bb5 {[%emt 0:00:07]} h6 {[%emt 0:00:04]} 32. Kg3 {[%emt 0:00:14]} Bf7 {[%emt 0:00:03]} 33. Bd7 {[%emt 0:00:05]} Rb8 {[%emt 0:00:01]} 34. Bxf5 {[%emt 0:00:02]} Rb3 {[%emt 0:00:05]} 35. Kh4 {[%emt 0:00:08]} Rb2 {[%emt 0:00:04]} 36. h3 {[%emt 0:00:04]} Rf2 {[%emt 0:00:11]} 37. Kg3 {[%emt 0:00:04]} Rf1 {[%emt 0:00:06]} 38. Rc7 {[%emt 0:00:04]} Rg1+ {[%emt 0:00:01]} 39. Kf2 {[%emt 0:00:06]} Rh1 {[%emt 0:00:07]} 40. Rxc5 {[%emt 0:00:05]} Kg7 {[%emt 0:00:03]} 41. Rc6 {[%emt 0:00:05]} Rc1 {[%emt 0:00:08]} 42. Rd6 {[%emt 0:00:03]} Rc2+ {[%emt 0:00:06]} 43. Kg3 {[%emt 0:00:03]} Rd2 {[%emt 0:00:07]} 44. Rxd4 {[%emt 0:00:06]} Kf6 {[%emt 0:00:01]} 45. Be4 {[%emt 0:00:03]} h5 {[%emt 0:00:01]} 46. c5 {[%emt 0:00:05]} Rc2 {[%emt 0:00:08]} 47. c6 {[%emt 0:00:03]} Be6 {[%emt 0:00:03]} 48. Rd8 {[%emt 0:00:13]} h4+ {[%emt 0:00:04]} 49. Kxh4 {[%emt 0:00:07]} Rh2 {[%emt 0:00:00]} 50. f5 {[%emt 0:00:06]} 1-0

[Event "European Online Club-ch-E 2021"]
[Site "Online"]
[Date "2021.03.27"]
[Round "8.14"]
[White "Chukavin, Kirill"]
[Black "Roiz, Michael"]
[Result "1/2-1/2"]
[WhiteElo "2384"]
[BlackElo "2579"]
[Annotator "ChessBase"]
[PlyCount "104"]
[EventDate "2021.03.27"]
[EventType "team-tourn"]
[EventCountry "NET"]
[SourceTitle "playchess.com"]
[Source "ChessBase"]
[SourceQuality "1"]
[TimeControl "900+5"]

1. e4 {[%emt 0:00:00]} e6 {[%emt 0:00:05]} 2. d4 {[%emt 0:00:03]} d5 {[%emt 0:00:02]} 3. Nd2 {[%emt 0:00:01]} a6 {[%emt 0:00:10]} 4. Ngf3 {[%emt 0:00:07]} c5 {[%emt 0:00:02]} 5. dxc5 {[%emt 0:00:20]} Bxc5 {[%emt 0:00:03]} 6. Bd3 {[%emt 0:00:08]} Nc6 {[%emt 0:00:01]} 7. O-O {[%emt 0:00:24]} Nf6 {[%emt 0:00:02]} 8. Qe2 {[%emt 0:00:27]} Qc7 {[%emt 0:00:36]} 9. exd5 {[%emt 0:02:24]} Nxd5 {[%emt 0:00:03]} 10. Ne4 {[%emt 0:00:02]} Be7 {[%emt 0:00:25]} 11. Bc4 {[%emt 0:01:13]} O-O {[%emt 0:00:35]} 12. Bg5 {[%emt 0:00:24]} Bxg5 {[%emt 0:01:45]} 13. Nexg5 {[%emt 0:00:16]} h6 {[%emt 0:00:14]} 14. Ne4 {[%emt 0:00:06]} Nce7 {[%emt 0:00:12]} 15. Bb3 {[%emt 0:00:25]} b6 {[%emt 0:00:08]} 16. Bxd5 {[%emt 0:03:51]} Nxd5 {[%emt 0:00:06]} 17. c4 {[%emt 0:01:21]} Nf4 {[%emt 0:00:10]} 18. Qe3 {[%emt 0:00:03]} Bb7 {[%emt 0:00:12]} 19. Rac1 {[%emt 0:00:24]} Rac8 {[%emt 0:01:55]} 20. Rfd1 {[%emt 0:00:25]} Rfd8 {[%emt 0:00:02]} 21. b3 {[%emt 0:00:25]} e5 {[%emt 0:00:26]} 22. Nc3 {[%emt 0:00:24]} f6 {[%emt 0:00:12]} 23. Ne2 {[%emt 0:01:03]} Ne6 {[%emt 0:00:18]} 24. Nh4 {[%emt 0:00:09]} Rxd1+ {[%emt 0:00:55]} 25. Rxd1 {[%emt 0:00:02]} Rd8 {[%emt 0:00:01]} 26. Rd2 {[%emt 0:00:29]} Bc8 {[%emt 0:03:50]} 27. Rd3 {[%emt 0:00:59]} Nc5 {[%emt 0:00:17]} 28. Rxd8+ {[%emt 0:00:14]} Qxd8 {[%emt 0:00:01]} 29. Nc3 {[%emt 0:00:02]} a5 {[%emt 0:00:42]} 30. h3 {[%emt 0:00:41]} Be6 {[%emt 0:00:25]} 31. Nf3 {[%emt 0:00:12]} Kf7 {[%emt 0:00:17]} 32. Qd2 {[%emt 0:00:07]} Qxd2 {[%emt 0:00:26]} 33. Nxd2 {[%emt 0:00:02]} f5 {[%emt 0:00:22]} 34. f3 {[%emt 0:00:02]} Ke7 {[%emt 0:00:14]} 35. Kf2 {[%emt 0:00:01]} g5 {[%emt 0:00:01]} 36. g4 {[%emt 0:00:29]} Kd6 {[%emt 0:00:22]} 37. Ke3 {[%emt 0:00:08]} Kc6 {[%emt 0:00:20]} 38. a3 {[%emt 0:00:08]} Nd7 {[%emt 0:00:13]} 39. b4 {[%emt 0:00:06]} axb4 {[%emt 0:00:02]} 40. axb4 {[%emt 0:00:01]} Nf6 {[%emt 0:00:01]} 41. Kd3 {[%emt 0:00:10]} h5 {[%emt 0:00:03]} 42. Ke3 {[%emt 0:00:07]} hxg4 {[%emt 0:00:24]} 43. hxg4 {[%emt 0:00:02]} fxg4 {[%emt 0:00:01]} 44. fxg4 {[%emt 0:00:04]} Nxg4+ {[%emt 0:00:01]} 45. Ke4 {[%emt 0:00:02]} Kd6 {[%emt 0:00:06]} 46. Nb5+ {[%emt 0:00:01]} Ke7 {[%emt 0:00:02]} 47. c5 {[%emt 0:00:07]} bxc5 {[%emt 0:00:01]} 48. bxc5 {[%emt 0:00:02]} Bd7 {[%emt 0:00:41]} 49. Na7 {[%emt 0:00:01]} Ke6 {[%emt 0:00:58]} 50. c6 {[%emt 0:00:08]} Nf6+ {[%emt 0:00:02]} 51. Kd3 {[%emt 0:00:09]} e4+ {[%emt 0:00:12]} 52. Kd4 {[%emt 0:00:05]} e3 {[%emt 0:00:13]} 1/2-1/2

[Event "European Online Club-ch-E 2021"]
[Site "Online"]
[Date "2021.03.27"]
[Round "8.15"]
[White "Postny, Evgeny"]
[Black "Kukk, Sander"]
[Result "1-0"]
[WhiteElo "2605"]
[BlackElo "2230"]
[Annotator "ChessBase"]
[PlyCount "72"]
[EventDate "2021.03.27"]
[EventType "team-tourn"]
[EventCountry "NET"]
[SourceTitle "playchess.com"]
[Source "ChessBase"]
[SourceQuality "1"]
[TimeControl "900+5"]

1. d4 {[%emt 0:00:00]} g6 {[%emt 0:00:07]} 2. c4 {[%emt 0:00:04]} Bg7 {[%emt 0:00:01]} 3. Nf3 {[%emt 0:00:02]} Nf6 {[%emt 0:00:05]} 4. Nc3 {[%emt 0:00:02]} O-O {[%emt 0:00:04]} 5. e4 {[%emt 0:00:01]} d6 {[%emt 0:00:04]} 6. Be2 {[%emt 0:00:02]} c5 {[%emt 0:00:26]} 7. O-O {[%emt 0:00:06]} Bg4 {[%emt 0:01:40]} 8. d5 {[%emt 0:00:09]} Nbd7 {[%emt 0:02:10]} 9. Ng5 {[%emt 0:00:09]} Bxe2 {[%emt 0:00:04]} 10. Qxe2 {[%emt 0:00:03]} h6 {[%emt 0:00:16]} 11. Nf3 {[%emt 0:00:03]} Ne8 {[%emt 0:00:45]} 12. Bf4 {[%emt 0:00:24]} Ne5 {[%emt 0:00:39]} 13. Nxe5 {[%emt 0:00:14]} dxe5 {[%emt 0:00:01]} 14. Be3 {[%emt 0:00:10]} b6 {[%emt 0:00:02]} 15. a3 {[%emt 0:00:08]} Nd6 {[%emt 0:00:24]} 16. b4 {[%emt 0:00:10]} Rc8 {[%emt 0:00:01]} 17. bxc5 {[%emt 0:00:08]} bxc5 {[%emt 0:00:00]} 18. Rfb1 {[%emt 0:00:38]} Qa5 {[%emt 0:00:16]} 19. Bd2 {[%emt 0:00:08]} Qa6 {[%emt 0:00:18]} 20. Nb5 {[%emt 0:00:02]} Qa4 {[%emt 0:00:08]} 21. Nxd6 {[%emt 0:00:37]} exd6 {[%emt 0:00:00]} 22. Qd3 {[%emt 0:01:03]} Rb8 {[%emt 0:00:16]} 23. h3 {[%emt 0:00:12]} Kh7 {[%emt 0:01:49]} 24. Kh2 {[%emt 0:00:56]} h5 {[%emt 0:00:04]} 25. Bg5 {[%emt 0:00:33]} f6 {[%emt 0:00:43]} 26. Be3 {[%emt 0:00:10]} Bh6 {[%emt 0:00:05]} 27. Bxh6 {[%emt 0:00:48]} Kxh6 {[%emt 0:00:00]} 28. h4 {[%emt 0:00:47]} Kg7 {[%emt 0:00:21]} 29. Qh3 {[%emt 0:00:26]} Qxc4 {[%emt 0:02:05]} 30. Rxb8 {[%emt 0:00:10]} Rxb8 {[%emt 0:00:14]} 31. Qd7+ {[%emt 0:00:02]} Kh6 {[%emt 0:00:01]} 32. Qxd6 {[%emt 0:00:05]} Re8 {[%emt 0:00:59]} 33. Re1 {[%emt 0:00:46]} Qd4 {[%emt 0:02:01]} 34. Qxf6 {[%emt 0:00:24]} c4 {[%emt 0:00:01]} 35. Re3 {[%emt 0:04:52]} Rc8 {[%emt 0:01:07]} 36. d6 {[%emt 0:00:37]} Rc6 {[%emt 0:00:33]} 1-0

[Event "European Online Club-ch-E 2021"]
[Site "Online"]
[Date "2021.03.27"]
[Round "8.16"]
[White "Valner, Uku"]
[Black "Steinberg, Nitzan"]
[Result "0-1"]
[WhiteElo "2296"]
[BlackElo "2553"]
[Annotator "ChessBase"]
[PlyCount "104"]
[EventDate "2021.03.27"]
[EventType "team-tourn"]
[EventCountry "NET"]
[SourceTitle "playchess.com"]
[Source "ChessBase"]
[SourceQuality "1"]
[TimeControl "900+5"]

1. e4 {[%emt 0:00:00]} c5 {[%emt 0:00:02]} 2. Nc3 {[%emt 0:00:03]} d6 {[%emt 0:00:03]} 3. g3 {[%emt 0:00:01]} g6 {[%emt 0:00:04]} 4. Bg2 {[%emt 0:00:02]} Bg7 {[%emt 0:00:01]} 5. d3 {[%emt 0:00:04]} Nc6 {[%emt 0:00:03]} 6. Be3 {[%emt 0:00:17]} e6 {[%emt 0:00:24]} 7. f4 {[%emt 0:00:12]} Nge7 {[%emt 0:00:07]} 8. Nf3 {[%emt 0:00:02]} Nd4 {[%emt 0:00:11]} 9. O-O {[%emt 0:00:07]} O-O {[%emt 0:00:07]} 10. e5 {[%emt 0:00:17]} Nef5 {[%emt 0:00:53]} 11. Bf2 {[%emt 0:00:02]} Nxf3+ {[%emt 0:00:14]} 12. Qxf3 {[%emt 0:00:10]} Nd4 {[%emt 0:00:17]} 13. Qd1 {[%emt 0:00:02]} dxe5 {[%emt 0:00:08]} 14. fxe5 {[%emt 0:00:00]} Bxe5 {[%emt 0:00:07]} 15. Na4 {[%emt 0:00:11]} Rb8 {[%emt 0:01:34]} 16. c3 {[%emt 0:01:09]} Nf5 {[%emt 0:01:57]} 17. Re1 {[%emt 0:02:04]} Bg7 {[%emt 0:00:37]} 18. Nxc5 {[%emt 0:01:17]} b6 {[%emt 0:00:04]} 19. Ne4 {[%emt 0:00:08]} e5 {[%emt 0:00:13]} 20. Qa4 {[%emt 0:01:15]} Qc7 {[%emt 0:00:54]} 21. Rad1 {[%emt 0:00:57]} Bd7 {[%emt 0:00:47]} 22. Qc4 {[%emt 0:01:18]} Rbc8 {[%emt 0:00:03]} 23. Qxc7 {[%emt 0:01:24]} Rxc7 {[%emt 0:00:01]} 24. g4 {[%emt 0:00:41]} Ne7 {[%emt 0:00:37]} 25. g5 {[%emt 0:01:02]} Nd5 {[%emt 0:01:15]} 26. Bg3 {[%emt 0:00:55]} Nf4 {[%emt 0:02:19]} 27. Nf6+ {[%emt 0:00:52]} Bxf6 {[%emt 0:00:05]} 28. gxf6 {[%emt 0:00:00]} Bg4 {[%emt 0:01:07]} 29. Rd2 {[%emt 0:00:22]} Rd7 {[%emt 0:00:05]} 30. Rxe5 {[%emt 0:01:17]} Nxd3 {[%emt 0:00:02]} 31. Re7 {[%emt 0:00:28]} Nc5 {[%emt 0:00:27]} 32. Rdxd7 {[%emt 0:00:54]} Nxd7 {[%emt 0:00:01]} 33. h3 {[%emt 0:00:03]} Be6 {[%emt 0:00:28]} 34. Bc6 {[%emt 0:00:02]} Nxf6 {[%emt 0:00:16]} 35. Rxa7 {[%emt 0:00:02]} Bxh3 {[%emt 0:00:22]} 36. Rb7 {[%emt 0:00:10]} Be6 {[%emt 0:00:17]} 37. a4 {[%emt 0:00:02]} Rd8 {[%emt 0:01:14]} 38. Rxb6 {[%emt 0:00:06]} Rd1+ {[%emt 0:00:08]} 39. Kf2 {[%emt 0:00:07]} Ra1 {[%emt 0:00:26]} 40. Rb8+ {[%emt 0:00:06]} Kg7 {[%emt 0:00:02]} 41. Be5 {[%emt 0:00:00]} g5 {[%emt 0:00:04]} 42. b4 {[%emt 0:00:02]} Kg6 {[%emt 0:00:06]} 43. a5 {[%emt 0:00:14]} Ng4+ {[%emt 0:00:01]} 44. Kg3 {[%emt 0:00:02]} Nxe5 {[%emt 0:00:01]} 45. Be4+ {[%emt 0:00:01]} f5 {[%emt 0:00:04]} 46. Rb6 {[%emt 0:00:03]} fxe4 {[%emt 0:00:14]} 47. Rxe6+ {[%emt 0:00:02]} Kf5 {[%emt 0:00:01]} 48. Re7 {[%emt 0:00:02]} Ra3 {[%emt 0:00:07]} 49. b5 {[%emt 0:00:02]} Rxa5 {[%emt 0:00:05]} 50. b6 {[%emt 0:00:02]} Rb5 {[%emt 0:00:04]} 51. b7 {[%emt 0:00:02]} Rb3 {[%emt 0:00:08]} 52. Rc7 {[%emt 0:00:04]} h5 {[%emt 0:00:07]} 0-1

[Event "European Online Club-ch-E 2021"]
[Site "Online"]
[Date "2021.03.27"]
[Round "8.17"]
[White "Chatalbashev, Boris"]
[Black "Westerberg, Jonathan"]
[Result "1-0"]
[WhiteElo "2530"]
[BlackElo "2534"]
[Annotator "ChessBase"]
[PlyCount "75"]
[EventDate "2021.03.27"]
[EventType "team-tourn"]
[EventCountry "NET"]
[SourceTitle "playchess.com"]
[Source "ChessBase"]
[SourceQuality "1"]
[TimeControl "900+5"]

1. d4 {[%emt 0:00:00]} Nf6 {[%emt 0:00:03]} 2. c4 {[%emt 0:00:02]} e6 {[%emt 0:00:01]} 3. Nc3 {[%emt 0:00:03]} Bb4 {[%emt 0:00:02]} 4. Nf3 {[%emt 0:00:02]} O-O {[%emt 0:00:08]} 5. Bg5 {[%emt 0:00:03]} h6 {[%emt 0:00:09]} 6. Bh4 {[%emt 0:00:04]} b6 {[%emt 0:00:04]} 7. e3 {[%emt 0:00:06]} Bb7 {[%emt 0:00:02]} 8. Bd3 {[%emt 0:00:03]} d6 {[%emt 0:00:07]} 9. O-O {[%emt 0:00:10]} Bxc3 {[%emt 0:00:01]} 10. bxc3 {[%emt 0:00:02]} Nbd7 {[%emt 0:00:02]} 11. Nd2 {[%emt 0:00:10]} e5 {[%emt 0:01:19]} 12. f4 {[%emt 0:00:16]} exf4 {[%emt 0:00:02]} 13. exf4 {[%emt 0:00:03]} Re8 {[%emt 0:00:11]} 14. Qc2 {[%emt 0:00:07]} Qe7 {[%emt 0:00:04]} 15. Rae1 {[%emt 0:00:16]} Qf8 {[%emt 0:00:02]} 16. Bf5 {[%emt 0:00:09]} Rxe1 {[%emt 0:00:18]} 17. Rxe1 {[%emt 0:00:03]} Re8 {[%emt 0:00:01]} 18. Qd1 {[%emt 0:00:20]} a5 {[%emt 0:00:13]} 19. Re2 {[%emt 0:00:25]} g6 {[%emt 0:00:18]} 20. Bh3 {[%emt 0:00:52]} Kg7 {[%emt 0:00:03]} 21. Qe1 {[%emt 0:00:13]} Rxe2 {[%emt 0:00:04]} 22. Qxe2 {[%emt 0:00:02]} Bc6 {[%emt 0:00:20]} 23. d5 {[%emt 0:00:53]} Ba4 {[%emt 0:00:59]} 24. Qe3 {[%emt 0:00:13]} Nc5 {[%emt 0:00:26]} 25. Qd4 {[%emt 0:02:20]} Qe7 {[%emt 0:00:30]} 26. g4 {[%emt 0:00:42]} g5 {[%emt 0:00:02]} 27. fxg5 {[%emt 0:00:12]} hxg5 {[%emt 0:00:02]} 28. Bxg5 {[%emt 0:00:04]} Qe1+ {[%emt 0:00:02]} 29. Nf1 {[%emt 0:00:48]} Qe5 {[%emt 0:00:02]} 30. Be3 {[%emt 0:00:36]} Nfe4 {[%emt 0:00:16]} 31. Ng3 {[%emt 0:02:52]} Nxg3 {[%emt 0:00:09]} 32. hxg3 {[%emt 0:00:04]} f6 {[%emt 0:00:01]} 33. Qf4 {[%emt 0:00:25]} Ne4 {[%emt 0:00:16]} 34. Qh6+ {[%emt 0:00:06]} Kf7 {[%emt 0:00:14]} 35. Qh7+ {[%emt 0:00:04]} Ke8 {[%emt 0:00:02]} 36. Qg8+ {[%emt 0:00:07]} Ke7 {[%emt 0:00:09]} 37. Qg7+ {[%emt 0:00:04]} Ke8 {[%emt 0:00:02]} 38. Bf4 {[%emt 0:00:22]} 1-0